| 000 | 01182pam a2200337 a 4500 | ||
|---|---|---|---|
| 001 | 4000422 | ||
| 003 | OSt | ||
| 005 | 20260408163940.0 | ||
| 008 | 961024s1997 nyua b 001 0 eng | ||
| 010 | _a 96047300 | ||
| 020 | _a9788126518944 | ||
| 038 | _akhadija | ||
| 040 |
_aDLC _cDLC _dDLC |
||
| 050 | 0 | 0 |
_aTS183 _b.O88 1997 |
| 082 | 0 | 0 |
_a670 _221 _bOST |
| 100 | 1 |
_aOstwald, Phillip F., _d1931- _935854 |
|
| 245 | 1 | 0 |
_aManufacturing Processes and Systems / _cPhillip F. Ostwald, Jairo Muñoz. |
| 250 | _a9th ed. | ||
| 260 |
_aNew York : _bJohn Wiley & Sons, _cc1997. |
||
| 300 |
_axvii, 782 p. : _bill. ; _c26 cm. |
||
| 504 | _aIncludes bibliographical references (p. [762]) and index. | ||
| 563 | _aHard Back | ||
| 590 | _a..... | ||
| 650 | 0 |
_aManufacturing processes. _914649 |
|
| 700 | 1 |
_aMuñoz, Jairo. _986585 |
|
| 856 | 4 | 2 |
_3Publisher description _uhttp://www.loc.gov/catdir/description/wiley032/96047300.html |
| 856 | 4 | 1 |
_3Table of contents _uhttp://www.loc.gov/catdir/toc/wiley022/96047300.html |
| 906 |
_a7 _bcbc _corignew _d1 _eocip _f19 _gy-gencatlg |
||
| 942 |
_2ddc _cBK |
||
| 999 |
_c31533 _d31533 |
||